[Event "FRA-chT3 Gr01 0607"]
[Site "France"]
[Date "2006.11.25"]
[Round "2.7"]
[White "Lebel Arias, Julia"]
[Black "Ceserano, Marco"]
[Result "1-0"]
[WhiteElo "1958"]
[BlackElo "1699"]
[PlyCount "45"]
[EventDate "2006.10.15"]
[EventType "team"]
[EventRounds "9"]
[EventCountry "FRA"]
[SourceTitle "EXT 2008"]
[Source "ChessBase"]
[SourceDate "2007.11.25"]
[SourceVersion "1"]
[SourceVersionDate "2007.11.25"]
[SourceQuality "1"]

1. d4 d5 2. e3 Nf6 3. Bd3 e6 4. Nd2 c5 5. c3 Nc6 6. h4 Bd6 7. Qf3 Qc7 8. Nh3 b6 9. a4 Bb7 10. 0-0 a6 11. Kh1 g6 12. Ng5 cxd4 13. exd4 Na5 14. Qe2 Qe7 15. b4 Nc6 16. Ndf3 h6 17. Nh3 0-0 18. Ne5 Kg7 19. Kh2 a5 20. b5 Nb8 21. Bd2 Nbd7 22. Qf3 Qd8 23. Qg3 1-0